书目信息 |
| 题名: |
生态环境监察导论
|
|
| 作者: | 张凯, , 张凯 著 | |
| 分册: | ||
| 出版信息: | 北京 中国环境科学出版社 2003.12 |
|
| 页数: | 243页 | |
| 开本: | 26cm | |
| 丛书名: | ||
| 单 册: | ||
| 中图分类: | X171 , X171 | |
| 科图分类: | ||
| 主题词: | 生态环境--sheng tai huan jing--环境监察--概论 , 环境生物学 | |
| 电子资源: | ||
| ISBN: | 7-80163-715-1 | |
| 000 | 01129cam0 2200337 45 | |
| 001 | 12404 | |
| 005 | 20050531161702.0 | |
| 010 | @a7-80163-715-1@d38.00CNY | |
| 092 | @b02-677-518补@aCN | |
| 099 | @aCAL 012004036565 | |
| 100 | @a20040401d2003 ekmy0chiy0121 ea | |
| 101 | 0 | @achi |
| 102 | @aCN@b110000 | |
| 105 | @aak an 000yy | |
| 200 | 1 | @a生态环境监察导论@Asheng tai huan jing jian cha dao lun@f张凯等著@Fzhang kai deng zhu |
| 210 | @a北京@c中国环境科学出版社@d2003.12 | |
| 215 | @a243页@c图@d26cm | |
| 312 | @a英文题名取自封面 | |
| 320 | @a有书目 (第176-177页) | |
| 330 | @a本书包括:中国生态现状与问题分析、生态环境监察的基础理论、生态环境监察调查分析方法、生态环境监察的内涵及其执法体系、生态环境监察现场执法工作指南五章。 | |
| 510 | 1 | @aGuide to ecological environment inspection@zeng |
| 606 | 0 | @a生态环境@Asheng tai huan jing@x环境监察@x概论 |
| 606 | 0 | @a环境生物学 |
| 690 | @aX171@v4 | |
| 690 | @aX171@v3 | |
| 701 | 0 | @a张凯,@Azhang kai@f1947-@4著 |
| 701 | 0 | @a张凯@Azhang kai@4著 |
| 801 | 0 | @aCN@bPUL@c20040401 |
| 905 | @a10447@dX171@eZ133 | |
| 906 | @dCNY38.00@n0@r1 | |
| 998 | @aPUL | |
| 生态环境监察导论/张凯等著.-北京:中国环境科学出版社,2003.12 |
| 243页:图;26cm |
| ISBN 7-80163-715-1:38.00CNY |
| 本书包括:中国生态现状与问题分析、生态环境监察的基础理论、生态环境监察调查分析方法、生态环境监察的内涵及其执法体系、生态环境监察现场执法工作指南五章。 |
| ● |
| 相关链接 |
|
|
|
正题名:生态环境监察导论
索取号:X171/Z133
 
预约/预借
| 序号 | 登录号 | 条形码 | 馆藏地/架位号 | 状态 | 备注 |
| 1 | 530671 | 205306710 | 自科库501/501自科库 63排2列5层/ [索取号:X171/Z133] | 在馆 | |
| 2 | 530672 | 205306729 | 自科库501/501自科库 63排2列5层/ [索取号:X171/Z133] | 在馆 | |
| 3 | 530673 | 205306738 | 自科库501/501自科库 63排2列5层/ [索取号:X171/Z133] | 在馆 |